[Event "AUTO-MASTER-3081"]
[Site "http://www.queenalice.com/game.php?id=1787796"]
[Date "2022.4.27"]
[Round "2"]
[White "Canaye"]
[Black "tucuman"]
[Result "0-1"]
[WhiteElo "1800"]
[BlackElo "2135"]

1. d4 d5 2. c4 Nf6 3. Nc3 c6 4. cxd5 cxd5 5. h3 Bf5 6. Bf4 Nc6 7. e3 e6 8. Bb5
a6 9. Bxc6+ bxc6 10. Nge2 Bd6 11. O-O O-O 12. g4 Bg6 13. a3 Bxf4 14. Nxf4 Rb8
15. Nxg6 fxg6 16. b4 h5 17. g5 Ne4 18. Nxe4 dxe4 19. Qc2 Qxg5+ 20. Kh2 Qd5 21.
Rac1 Rbc8 22. Qd2 h4 23. Rc5 Qd6+ 24. Kh1 Rf3 25. Rg5 Rxh3+ 0-1

[Event "AUTO-MASTER-3081"]
[Site "http://www.queenalice.com/game.php?id=1787797"]
[Date "2022.4.27"]
[Round "2"]
[White "tucuman"]
[Black "Canaye"]
[Result "1-0"]
[WhiteElo "2137"]
[BlackElo "1875"]

1. d4 e6 2. e4 d5 3. e5 c5 4. Nf3 Nc6 5. c3 cxd4 6. cxd4 Qb6 7. Nc3 Bb4 8. a3
Bxc3+ 9. bxc3 Nge7 10. Be3 O-O 11. Be2 Nf5 12. O-O Nxe3 13. fxe3 Bd7 14. Rb1 Qc7
15. Qb3 b6 16. Ng5 Na5 17. Qc2 g6 18. Bd3 Nc4 19. Bxc4 Qxc4 20. h4 Rac8 21. Rbc1
Ba4 22. Qd2 Qc7 23. Qe2 h5 24. Qf3 Bb5 25. Rfe1 Bd3 26. e4 dxe4 27. Nxe4 Bxe4
28. Qxe4 Rfd8 29. Rf1 Qe7 30. Qf4 Qxa3 31. Qxf7+ Kh8 32. Qf6+ Kh7 33. Ra1 Qxc3
34. Qe7+ Kh6 35. Rxa7 Qe3+ 36. Kh1 1-0

[Event "AUTO-OPEN-4348"]
[Site "http://www.queenalice.com/game.php?id=1791677"]
[Date "2022.6.29"]
[Round "2"]
[White "krystian478"]
[Black "tucuman"]
[Result "1-0"]
[WhiteElo "2250"]
[BlackElo "2055"]

1. Nf3 Nc6 2. c4 Nf6 3. Nc3 e5 4. d3 d6 5. e4 Be7 6. Be2 Be6 7. Be3 Ng4 8. Bd2
Nd4 9. Nxd4 exd4 10. Nb5 Ne5 11. Nxd4 h6 12. O-O O-O 13. a3 Ng6 14. b4 Bf6 15.
Be3 c6 16. Nxe6 fxe6 17. d4 e5 18. d5 cxd5 19. cxd5 a6 20. Bh5 Ne7 21. Rc1 Qd7
22. Bg4 Qe8 23. Qd2 Ng6 24. Rc7 Be7 25. Rxb7 Nf4 26. g3 Ng6 27. Bd7 Qf7 28. Be6
Qxe6 29. dxe6 Kh7 30. h4 h5 31. Bg5 Bxg5 32. Qxg5 Rf6 33. Qxh5+ Kg8 34. Rc1 Rxe6
35. Rcc7 Ne7 36. Rxe7 Rxe7 37. Rxe7 Rf8 38. Qg6 1-0

[Event "AUTO-OPEN-4348"]
[Site "http://www.queenalice.com/game.php?id=1791678"]
[Date "2022.6.29"]
[Round "2"]
[White "tucuman"]
[Black "krystian478"]
[Result "0-1"]
[WhiteElo "2047"]
[BlackElo "2263"]

1. d4 d5 2. e3 a6 3. Nf3 Nf6 4. c4 e6 5. cxd5 Nxd5 6. Bc4 Be7 7. O-O c6 8. Bxd5
cxd5 9. Nc3 b5 10. Ne2 O-O 11. Ng3 Nd7 12. b3 Bb7 13. Bb2 Rc8 14. Rc1 Qa5 15.
Ng5 Bxg5 16. a3 Nf6 17. f4 Bh4 18. Rxc8 Rxc8 19. Nh5 Ne4 20. Qg4 Bf6 21. Nxf6+
Nxf6 22. Qe2 Ne4 23. f5 Qd2 24. Qxd2 Nxd2 25. Rd1 Nxb3 26. fxe6 fxe6 27. h3 Rc2
28. Rd3 Rxb2 29. Rc3 a5 30. g4 b4 31. axb4 axb4 32. Rc7 Ba6 33. Rc6 Ra2 34. Rxe6
Bd3 35. Re8+ Kf7 36. Rd8 Bc4 37. g5 Nd2 38. Kf2 Ne4+ 39. Kf3 Rf2+ 40. Kg4 b3 41.
Rb8 b2 42. h4 Ba6 0-1

[Event "AUTO-OPEN-4337"]
[Site "http://www.queenalice.com/game.php?id=1792789"]
[Date "2022.7.19"]
[Round "2"]
[White "ChessColossos"]
[Black "tucuman"]
[Result "0-1"]
[WhiteElo "2326"]
[BlackElo "2033"]

1. e4 e5 2. f4 d6 3. d3 Nc6 4. Nf3 Nf6 5. Be2 Be7 6. O-O h6 7. Nc3 Nd4 8. f5
Nxf3+ 9. Bxf3 a6 10. a4 O-O 11. Bxh6 gxh6 12. Kh1 c6 13. Rg1 Kh7 0-1

[Event "AUTO-OPEN-4337"]
[Site "http://www.queenalice.com/game.php?id=1792790"]
[Date "2022.7.19"]
[Round "2"]
[White "tucuman"]
[Black "ChessColossos"]
[Result "1-0"]
[WhiteElo "2061"]
[BlackElo "2305"]

1. d4 f5 2. e3 d5 3. Nf3 e6 4. Ne5 Nf6 5. Nc3 c5 6. Be2 Bd6 7. h3 Nbd7 8. Bh5+
g6 9. Bf3 Nxe5 10. dxe5 Bxe5 11. O-O Bxc3 12. bxc3 c4 13. Bd2 1-0

[Event "AUTO-OPEN-4337"]
[Site "http://www.queenalice.com/game.php?id=1792793"]
[Date "2022.7.19"]
[Round "2"]
[White "Pin"]
[Black "tucuman"]
[Result "1-0"]
[WhiteElo "2041"]
[BlackElo "2072"]

1. d4 d5 2. e3 Nf6 3. Nf3 Bg4 4. Be2 e6 5. c3 Bxf3 6. Bxf3 Nc6 7. O-O Bd6 8. Nd2
Qd7 9. Re1 Ne7 10. e4 dxe4 11. Nxe4 Nxe4 12. Bxe4 O-O-O 13. Qb3 Nc6 14. Bd2 f5
15. Bf3 Rdg8 16. Rxe6 g5 17. Rae1 b6 18. Be2 Re8 19. Ba6+ Kb8 20. d5 Ne5 21. Bb5
c6 22. Rxe8+ Rxe8 23. dxc6 Nxc6 24. Rxe8+ Qxe8 25. Qd5 Bf4 26. Bxf4+ gxf4 27.
Qxc6 Qe1+ 28. Bf1 Qd1 29. Qe8+ Kc7 30. Qe5+ Kd8 31. Qxf5 Qc1 32. Qd3+ Kc8 33.
Qe2 Kb8 34. c4 Kc7 35. h4 h6 36. b4 Qb1 37. a3 Qa1 38. Qe7+ Kb8 39. Qd6+ Kb7 40.
Qxf4 Qxa3 41. Qf8 a5 42. Qe7+ Kc8 43. Qe6+ Kb7 44. Qd7+ Kb8 45. bxa5 Qxa5 46.
Qd6+ Kb7 47. Qxh6 Qc5 48. Qe6 Qh5 49. Qd5+ 1-0

[Event "AUTO-OPEN-4337"]
[Site "http://www.queenalice.com/game.php?id=1792794"]
[Date "2022.7.19"]
[Round "2"]
[White "tucuman"]
[Black "Pin"]
[Result "1/2-1/2"]
[WhiteElo "2055"]
[BlackElo "2058"]

1. d4 Nf6 2. Nc3 g6 3. e4 d6 4. Bd3 Bg7 5. Nf3 O-O 6. h3 c5 7. Be3 cxd4 8. Nxd4
Nc6 9. Qd2 Ne5 10. O-O-O Nxd3+ 11. cxd3 Bd7 12. g4 Rc8 13. g5 Nh5 14. h4 a6 15.
f4 b5 16. Kb1 b4 17. Nce2 Qa5 18. a3 Qa4 19. Qxb4 Qxb4 20. axb4 Bg4 21. Rhe1 Rc7
22. Rc1 Rfc8 23. Nc3 Bf8 24. Rg1 Bd7 25. e5 dxe5 26. fxe5 Ng7 27. Ne4 Rxc1+ 28.
Rxc1 Rxc1+ 29. Bxc1 Ne6 30. Nxe6 Bxe6 31. Kc2 Bd5 32. Nc5 e6 33. d4 Bxc5 34.
bxc5 Kf8 35. Kc3 Ke8 36. b4 Kd7 37. Bb2 Kc6 38. Ba3 Kb5 39. Kb2 Kc4 40. Kc2 Kxd4
41. Bb2+ Ke4 42. Kd2 Kf3 43. Kd3 Kg4 44. Bc1 Kxh4 45. Kc2 Kg4 46. Kc3 Kf5 47.
Kd4 Kg4 48. Kd3 Kf3 49. Kd2 Ke4 50. Bb2 Bc6 1/2-1/2

[Event "AUTO-OPEN-4337"]
[Site "http://www.queenalice.com/game.php?id=1801137"]
[Date "2022.12.2"]
[Round "3"]
[White "tucuman"]
[Black "Pin"]
[Result "0-1"]
[WhiteElo "2020"]
[BlackElo "2007"]

1. d4 Nf6 2. Nc3 d5 3. Bf4 c6 4. Nf3 g6 5. e3 Bg7 6. Ne5 Nbd7 7. Bd3 O-O 8. O-O
Nxe5 9. Bxe5 Nd7 10. Bf4 e5 11. Bg3 exd4 12. Ne2 dxe3 13. fxe3 Bxb2 14. Rb1 Bg7
15. Nf4 Ne5 16. Qe1 Nxd3 17. Nxd3 Re8 18. Bf2 Qg5 19. Nf4 Bf5 20. Rxb7 Reb8 21.
Rc7 Rc8 22. Qa5 Rxc7 23. Qxc7 Rc8 24. Qxa7 d4 25. exd4 Qxf4 26. c4 Be4 27. Qb7
Rb8 28. Qe7 Qg4 29. Bg3 Bxd4+ 30. Kh1 Rf8 31. a4 Qe2 0-1

[Event "AUTO-OPEN-4337"]
[Site "http://www.queenalice.com/game.php?id=1801138"]
[Date "2022.12.2"]
[Round "3"]
[White "Pin"]
[Black "tucuman"]
[Result "1-0"]
[WhiteElo "1937"]
[BlackElo "2040"]

1. d4 d5 2. c4 e6 3. Nc3 Bb4 4. Qc2 Nc6 5. Nf3 Nf6 6. Bg5 h6 7. Bh4 O-O 8. e3
Be7 9. Bd3 a6 10. O-O Qd6 11. a3 Bd7 12. c5 1-0

[Event "AUTO-OPEN-4337"]
[Site "http://www.queenalice.com/game.php?id=1801139"]
[Date "2022.12.2"]
[Round "3"]
[White "tucuman"]
[Black "krystian478"]
[Result "1-0"]
[WhiteElo "2041"]
[BlackElo "2062"]

1. d4 Nf6 2. Nc3 g6 3. e4 d6 4. Nf3 Bg7 5. e5 dxe5 6. Nxe5 Nbd7 7. Bf4 c6 8. Bc4
O-O 9. O-O a6 10. Qe2 Nb6 11. Rad1 Nxc4 12. Nxc4 Bg4 13. f3 Be6 14. Be5 b5 15.
Ne3 Qb6 16. Qd3 Rad8 17. b3 Bh6 18. Ne2 Nd5 19. Nxd5 cxd5 20. f4 Bf5 21. Qg3 f6
22. Qh4 Bg7 23. Ng3 fxe5 24. fxe5 Bxc2 25. Rd2 Be4 26. Nxe4 dxe4 27. Qxe4 Rf5
28. Rxf5 gxf5 29. Qf4 1-0

[Event "AUTO-OPEN-4337"]
[Site "http://www.queenalice.com/game.php?id=1801140"]
[Date "2022.12.2"]
[Round "3"]
[White "krystian478"]
[Black "tucuman"]
[Result "0-1"]
[WhiteElo "2116"]
[BlackElo "1982"]

1. c4 e5 2. Nc3 Nc6 3. d3 Bb4 4. Bd2 d6 5. Nf3 Bxc3 6. Bxc3 Bg4 7. e3 Nf6 8. Be2
Qe7 9. Qc2 O-O 10. O-O Bxf3 11. Bxf3 Rfe8 12. b4 Qd7 13. b5 Nd8 14. d4 e4 15.
Be2 b6 16. f3 Nb7 17. fxe4 Nxe4 18. Bb2 Na5 19. Bd3 d5 20. cxd5 Qxd5 21. Rf4 f5
22. Raf1 c5 23. Rxf5 Qe6 24. Re5 Qh6 25. Rxe4 Rxe4 26. Bxe4 Re8 27. Bd5+ Kh8 28.
Qe4 Qg6 29. Qxg6 hxg6 0-1

[Event "AUTO-MASTER-3099"]
[Site "http://www.queenalice.com/game.php?id=1805762"]
[Date "2023.2.10"]
[Round "2"]
[White "raulzampronha"]
[Black "tucuman"]
[Result "1-0"]
[WhiteElo "2236"]
[BlackElo "2058"]

1. d4 d5 2. c4 Nf6 3. Nc3 e6 4. Bg5 Be7 5. e3 h6 6. Bxf6 Bxf6 7. Nf3 Bd7 8. cxd5
c6 9. dxe6 fxe6 10. Qb3 b5 11. Be2 O-O 12. O-O a5 13. Rac1 Kh8 14. Ne4 Na6 15.
Nxf6 Qxf6 16. Ne5 a4 17. Qc2 Nb8 18. Ng6+ Kg8 19. Nxf8 Qxf8 20. Qe4 Qf5 21. Bf3
Qxe4 22. Bxe4 Ra7 23. Rc2 Be8 24. Rfc1 Re7 25. f4 g6 26. Kf2 Kg7 27. Ke2 Bd7 28.
Bxc6 Bxc6 29. Rxc6 Nxc6 30. Rxc6 Kf7 31. Kd3 Rd7 32. Rb6 Rd5 33. g4 Kg7 34. e4
Rd7 35. Rxb5 Ra7 36. h4 Kf7 37. h5 gxh5 38. Rxh5 Kg6 39. Re5 Ra6 40. Rxe6+ Rxe6
41. f5+ 1-0

[Event "AUTO-MASTER-3099"]
[Site "http://www.queenalice.com/game.php?id=1805763"]
[Date "2023.2.10"]
[Round "2"]
[White "tucuman"]
[Black "raulzampronha"]
[Result "0-1"]
[WhiteElo "1988"]
[BlackElo "2249"]

1. d4 d5 2. Nf3 Nf6 3. Bf4 c5 4. Nc3 Nc6 5. e3 Bg4 6. Bb5 e6 7. h3 Bxf3 8. gxf3
cxd4 9. exd4 Qb6 10. a4 a6 11. Bxc6+ bxc6 12. Rb1 Be7 13. Be5 O-O 14. O-O Nd7
15. f4 f6 16. Ne2 fxe5 17. fxe5 c5 18. c3 cxd4 19. cxd4 a5 20. Nc3 Rf4 21. Ne2
Rf3 22. Ng3 Raf8 23. Kg2 Nxe5 24. Qe2 Ng6 25. Nh5 R3f5 26. Ng3 Nf4+ 0-1

[Event "AUTO-MASTER-3099"]
[Site "http://www.queenalice.com/game.php?id=1805768"]
[Date "2023.2.10"]
[Round "2"]
[White "tucuman"]
[Black "tana"]
[Result "0-1"]
[WhiteElo "2003"]
[BlackElo "2037"]

1. d4 d5 2. Nf3 Nf6 3. Bg5 e6 4. Nc3 h6 5. e3 hxg5 6. Ne5 Bd6 7. Bb5+ c6 8. Bd3
Nbd7 9. Nxd7 Bxd7 10. O-O Bxh2+ 11. Kh1 Bd6+ 12. Kg1 Qc7 13. g3 Bxg3 14. Ne2 Bd6
0-1

[Event "AUTO-MASTER-3099"]
[Site "http://www.queenalice.com/game.php?id=1805769"]
[Date "2023.2.10"]
[Round "2"]
[White "tana"]
[Black "tucuman"]
[Result "0-1"]
[WhiteElo "2052"]
[BlackElo "2049"]

1. d4 d5 2. e3 Nf6 3. Bd3 Bg4 4. Nf3 Nc6 5. Nbd2 e6 6. O-O Bd6 7. h3 Bh5 8. Qe1
Qe7 9. b3 O-O-O 10. Bb2 Rdg8 11. c4 dxc4 12. Bxc4 g5 13. Ne5 g4 14. h4 Bxe5 15.
dxe5 Nd5 16. Bxd5 exd5 17. g3 Nxe5 18. Qc1 f6 19. Qc2 Rf8 20. Qf5+ Kb8 21. Qxh5
Qe6 22. f4 Nd3 23. Bd4 c5 24. f5 Qd6 25. Qxg4 cxd4 26. exd4 Rhg8 27. Qf3 Rxg3+
28. Kh1 Rxf3 29. Rxf3 Nb4 30. a3 Nc2 31. Rc1 Nxd4 32. Rfc3 Rg8 33. Nf1 Qf4 34.
Nh2 Qe4+ 0-1

[Event "AUTO-MASTER-3099"]
[Site "http://www.queenalice.com/game.php?id=1805770"]
[Date "2023.2.10"]
[Round "2"]
[White "tucuman"]
[Black "krystian478"]
[Result "1-0"]
[WhiteElo "2003"]
[BlackElo "2100"]

1. c4 e5 2. e4 Nf6 3. d3 Be7 4. Nf3 d6 5. Be2 Nc6 6. Bg5 O-O 7. Nc3 Ng4 8. Bxe7
Nxe7 9. h3 Nf6 10. Nd5 Nfxd5 11. cxd5 1-0

[Event "AUTO-MASTER-3099"]
[Site "http://www.queenalice.com/game.php?id=1805771"]
[Date "2023.2.10"]
[Round "2"]
[White "krystian478"]
[Black "tucuman"]
[Result "0-1"]
[WhiteElo "2080"]
[BlackElo "2023"]

1. Nf3 d5 2. d4 Nf6 3. c4 Nc6 4. e3 Bg4 5. Be2 Bxf3 6. Bxf3 e6 7. cxd5 exd5 8.
O-O Bd6 9. Nc3 Be7 10. Qb3 b6 11. Bxd5 Nxd5 0-1